Gaming Quiz

Random Gaming or Card Games Quiz

Chance, Weapon and Other Game Cards Quiz Stats

Quiz Updated Feb 10, 2018

Challenge
Share
Tweet
Score 0/13 Timer 05:00
2 Plays Today
% Correct
Uno
94%
Monopoly
92.4%
Clue
91.9%
Guess Who?
91.9%
Trivial Pursuit
91.1%
Scattergories
84.9%
Life
82.7%
Operation
80.4%
Sorry!
80.3%
Mystery Date
72.4%
Taboo
71.6%
Candy Land
67.6%
Pay Day
64.9%

You're not logged in!

Compare scores with friends on all Sporcle quizzes.
Join for Free
OR
Log In

You Might Also Like...

Show Comments

Extras

Top Quizzes Today


Score Distribution

Your Account Isn't Verified!

In order to create a playlist on Sporcle, you need to verify the email address you used during registration. Go to your Sporcle Settings to finish the process.

Report this User

Report this user for behavior that violates our Community Guidelines.

Details: